Tesoros del arte precolombino de Costa Rica (Registro nro. 10623)
[ vista simple ]
| 000 -Cabecera | |
|---|---|
| Campo de control de longitud fija | 00520nam a22002177a 4500 |
| 005 - Fecha y hora de la última transacción | |
| Campo de control | 20240423124253.0 |
| 008 - Elementos de longitud fija--Información general | |
| Campo de control de longitud fija | 180514b xxu||||| |||| 00| 0 spa d |
| 041 ## - Idioma | |
| Código de idioma | Español |
| 082 ## - Clasificación Decimal Dewey | |
| Número de clasificación | 709.728.6 T337t |
| 245 ## - Título propiamente dicho | |
| Título | Tesoros del arte precolombino de Costa Rica |
| 260 ## - Pie de imprenta | |
| Lugar de publicación, distribución, etc. | Costa Rica |
| 260 ## - Pie de imprenta | |
| Nombre del editor, distribuidor, etc. | Lehmann |
| 260 ## - Pie de imprenta | |
| Fecha de publicación, distribución, etc. | 1971 |
| 300 ## - Descripción física | |
| Extensión | 127 páginas |
| 650 ## - Materia general | |
| Temática (materia general) | COSTA RICA |
| 650 ## - Materia general | |
| Temática (materia general) | ARTE COSTARRICENSE |
| 650 ## - Materia general | |
| Temática (materia general) | ARTE PRECOLOMBINO |
| 650 ## - Materia general | |
| Temática (materia general) | ARTE INDÍGENA |
| 942 ## - Punto de acceso adicional KOHA | |
| Tipo de ítem KOHA | Libro |
| Fuente del sistema de clasificación o colocación | Dewey Decimal Classification |
| Signatura completa | Código de barras | Programa Académico | Tipo de ítem |
|---|---|---|---|
| 709.728.6 T337t | 23217 | Turismo | Libro |